Normal view
MARC view
- Bir Singh, Satya
Entry Personal Name
001 - CONTROL NUMBER
- control field: 98864
003 - CONTROL NUMBER IDENTIFIER
- control field: NUST
005 - DATE AND TIME OF LATEST TRANSACTION
- control field: 20220909084045.0
008 - FIXED-LENGTH DATA ELEMENTS
- fixed length control field: 220909|| aca||aabn | a|a d
040 ## - CATALOGING SOURCE
- Original cataloging agency: NUST
- Transcribing agency: NUST
100 ## - HEADING--PERSONAL NAME
- Personal name: Bir Singh, Satya
670 ## - SOURCE DATA FOUND
- Source citation: Work cat.: (NUST): Bir Singh, Satya: , Mechatronic Systems Design and Solid Materials : , 2021.
